| 000 | 00609nam a2200217Ia 4500 | ||
|---|---|---|---|
| 008 | 180523s9999 xx 000 0 und d | ||
| 020 | _a0-02-864348-8 | ||
| 050 | _aMAIN BL 65.W67 | ||
| 050 | _b.E25 2002 | ||
| 100 | _aEaly, C Diane | ||
| 245 | 4 | _aThe Complete idiot's guide to spirituality in the workplace / | |
| 245 | 0 | _cC Diane Ealy | |
| 260 | _aIndianapolis, IN : | ||
| 260 | _bAlpha Books, | ||
| 260 | _c2002 | ||
| 300 | _a337 pages : | ||
| 300 | _billustrations ; | ||
| 300 | _c23 cm. | ||
| 500 | _aIncludes bibliographical references and index. | ||
| 650 | _aWork -- Religious aspects. | ||
| 999 |
_c356590 _d356590 |
||